Представление документа в формате MARC21

Поле Инд. ПП Название Значение
Тип записи a
Библиографический уровень m
001 Контрольный номер 4ba4de3bdbc54f73b35f4553f68e878c
005 Дата корректировки 20251014150313.3
084 a Индекс другой классификации/Индекс ББК 75
091 i Возрастная адресация (DOS) 16+
097 b Оператор Чирова
245 10 a Заглавие Физкультура и спорт
n Номер части/ раздела 9
260 c Дата издания 2025
900 a Имя макрообъекта E0041D100131E58B
901 t Тип документа s